000 00975nam a2200217Ia 4500
003 Ost
005 20260507075307.0
008 260507s9999||||xx |||||||||||||| ||und||
040 _cfsecg
041 _aara
082 _a330
100 _aهامبوتو، باريتو
_eمؤلف
245 0 _aالمبادرة في النظرية الاقتصادية الجزئية :
_bاختفاء و تفسير /
_c باريتو هامبوتو
260 _aعمان:
_bدار الكتاب الحديث,
_c2009
300 _a206 صفحة؛
_c24 سم
520 _aالمبادر طوال الفكر الاقتصادي ، اختفاء المبادر من النظرية الاقتصادية الجزئية ، تفسير اختفاء المبادر : الووصف ، الاسباب الاساسية و الدوافع .
653 _aالإقتصاد
653 _aالاقتصاد الجزئي
700 _a التل، نادر ادريس
_eمؤلف ثانوي
942 _cكتاب
999 _c43823
_d43823